000 006310000a22001690004500
090 _aAR
_b01528
245 1 0 _aNotas sobre los Papilionoidea de México: I. Perisama mexica hoffmann (<Nymphalidae: Catagrammini>), un caso de sinonimia y un error de asignación geográfica
650 1 4 _aTaxonomía animal
_98245
650 1 4 _aSinonimias
_912989
650 1 4 _aMariposas
_993025
651 4 _dGuerrero
_pMéxico
_992749
653 _fNymphalidae
_gPerisama
_ePerisama mexicana
041 0 _aEspañol
100 1 _aLlorente Bousquets, Jorge E.
_912040
942 _cARTICULO
773 1 _tFolia Entomológica Mexicana
_3290
_h79
_q85-91
_d1990
999 _c10611
_d10611